| 000 | 00493nam a2200181Ia 4500 | ||
|---|---|---|---|
| 008 | 190423s9999 xx 000 0 und d | ||
| 100 | _aMoller, David | ||
| 245 | 4 | _aThe Case of the missing keys/ | |
| 245 | _cDavid Moller | ||
| 260 | _bReader's Digest Asia | ||
| 260 | _c2019 | ||
| 300 | _aPages 68-76, January 2019 | ||
| 440 |
_aAsia Reader's Digest: Classic Reads _v115:671 |
||
| 650 | _aBritish criminal history | ||
| 650 | _aCrime | ||
| 650 | _aInvestigation | ||
| 650 | _aMystery | ||
| 999 |
_c361491 _d361491 |
||